| 000 | 00459nam a2200133Ia 4500 | ||
|---|---|---|---|
| 008 | 250506s9999 xx 000 0 und d | ||
| 024 | _a17B-024-CE,17B-032-CE,17B-047-CE&17B-049-CS | ||
| 082 | _a004.33072 MUH | ||
| 100 | _aMuhammad Waleed Waseem,Sajjad Ahmed, Zeeshan Rafique & Usman Zain ul Abedin | ||
| 245 | 0 | _aShaheen System on Chip | |
| 260 |
_aKarachi: _bUIT, _c2017 |
||
| 600 | _aComputer System Engineering | ||
| 650 | _aBachelor of Engineering (BE) | ||
| 999 |
_c28970 _d28970 |
||